Hand Book on Soaps, Detergents and Acid Slurry / (Record no. 153066)
[ view plain ]
| 000 -LEADER | |
|---|---|
| fixed length control field | 00670nam a22002297a 4500 |
| 003 - CONTROL NUMBER IDENTIFIER | |
| control field | dpl |
| 005 - DATE AND TIME OF LATEST TRANSACTION | |
| control field | 20180625143228.0 |
| 008 - FIXED-LENGTH DATA ELEMENTS--GENERAL INFORMATION | |
| fixed length control field | 180625b xxu||||| |||| 00| 0 eng d |
| 010 ## - LIBRARY OF CONGRESS CONTROL NUMBER | |
| LC control number | B-061177 |
| 016 ## - NATIONAL BIBLIOGRAPHIC AGENCY CONTROL NUMBER | |
| Record control number | B-061177 |
| 020 ## - INTERNATIONAL STANDARD BOOK NUMBER | |
| Terms of availability | 975.00 |
| International Standard Book Number | 8178330938 |
| 035 ## - SYSTEM CONTROL NUMBER | |
| System control number | B-061177 |
| 037 ## - SOURCE OF ACQUISITION | |
| Stock number | BPPD/PUB |
| 040 ## - CATALOGING SOURCE | |
| Original cataloging agency | DPL |
| Language of cataloging | EN |
| Transcribing agency | 0 |
| 082 ## - DEWEY DECIMAL CLASSIFICATION NUMBER | |
| Classification number | 668.1 |
| Item number | HAN |
| 100 ## - MAIN ENTRY--PERSONAL NAME | |
| Personal name | Board Niir |
| 245 ## - TITLE STATEMENT | |
| Title | Hand Book on Soaps, Detergents and Acid Slurry / |
| Statement of responsibility, etc | by Niir Board |
| 260 ## - PUBLICATION, DISTRIBUTION, ETC. (IMPRINT) | |
| Place of publication, distribution, etc | New Delhi |
| Name of publisher, distributor, etc | Asia Pacific Business Press Inc. |
| 270 ## - ADDRESS | |
| Address | 106-E Kamla Nagar, P.B. No.2162 |
| City | New Delhi |
| 300 ## - PHYSICAL DESCRIPTION | |
| Extent | 686p. |
| Dimensions | 22cms(Hb) |
| Other physical details | ill. |
| 942 ## - ADDED ENTRY ELEMENTS (KOHA) | |
| Source of classification or shelving scheme | Dewey Decimal Classification |
| Koha item type | English Books |
| Classification part | 668.1 |
| Call number suffix | HAN |
| Withdrawn status | Lost status | Source of classification or shelving scheme | Damaged status | Not for loan | Collection code | Home library | Current library | Date acquired | Source of acquisition | Cost, normal purchase price | Total Checkouts | Full call number | Barcode | Date last seen | Cost, replacement price | Price effective from | Koha item type |
|---|---|---|---|---|---|---|---|---|---|---|---|---|---|---|---|---|---|
| Dewey Decimal Classification | Non-fiction | Shahdara Branch | Shahdara Branch | 25/06/2018 | BPPD/PUB | 975.00 | 668.1 HAN | B-061177 | 25/06/2018 | 975.00 | 25/06/2018 | English Books |
